| 000 | 01549nam a2200481 i 4500 | ||
|---|---|---|---|
| 001 | 21228 | ||
| 003 | KOSZ 005 | ||
| 005 | 20221025083456.0 | ||
| 008 | 990506s1982 pl a |000 0 pol | ||
| 015 | _aUWD 1983/2244 | ||
| 035 | _a991009244039705066 | ||
| 035 | _a(PL-WaBN)b12506898-48omnis_nlop | ||
| 035 | _ab12506898 | ||
| 035 | _a(OCoLC)749291899 | ||
| 035 | _a(PL)b0000001250689 | ||
| 035 | _a(EXLNZ-48OMNIS_NETWORK)9910112321805606 | ||
| 040 |
_aWA N _cWA N _dKOSZ 005/HR |
||
| 041 | 0 | _apol | |
| 046 | _k1982 | ||
| 080 | _a620.193 | ||
| 080 | _a(075.8) | ||
| 100 | 1 |
_aWendorff, Zofia _d(1906-1991) _eAutor |
|
| 245 | 1 | 0 |
_aKorozja metali / _cZofia Wendorff. |
| 260 |
_aŁódź : _bPŁ, _c1982. |
||
| 300 |
_a257 s. : _bfot., rys., wykr. ; _c21 cm. |
||
| 336 |
_aTekst _btxt _2rdacontent |
||
| 337 |
_aBez urządzenia pośredniczącego _bn _2rdamedia |
||
| 338 |
_aWolumin _bnc _2rdacarrier |
||
| 380 | _aKsiążki | ||
| 388 | _a1901-2000 | ||
| 388 | _a1945-1989 | ||
| 490 | 1 | _aSkrypty dla Szkół Wyższych / Politechnika Łódzka | |
| 504 | _aBibliogr. s. 254-256. | ||
| 650 | 7 |
_aKorozja i erozja _2DBN |
|
| 650 | 7 |
_aMetale _2DBN |
|
| 650 | 7 | _aOchrona i konserwacja | |
| 655 | 7 |
_aPodręczniki akademickie _2DBN |
|
| 658 | _aInżynieria i technika | ||
| 830 | 0 | _aSkrypty dla Szkół Wyższych - Politechnika Łódzka | |
| 856 |
_uhttp://koha.tu.koszalin.pl/cgi-bin/koha/opac-detail.pl?biblionumber=21228 _yKatalog online BPK |
||
| 942 |
_2UKD _cKS |
||
| 999 |
_c21228 _d21228 |
||